Drugie Największe Miasta W Województwach - Statystyki

Ogólne statystyki
  • Ten quiz został rozwiązany 153 razy
  • Średni wynik to 8 z 16
Statystyki odpowiedzi
Województwo Drugie Najludniejsze Miasto % Poprawnych
Kujawsko-Pomorskie Toruń
89%
Lubuskie Gorzów Wielkopolski
74%
Mazowieckie Radom
74%
Pomorskie Gdynia
72%
Dolnośląskie Wałbrzych
67%
Lubelskie Zamość
61%
Podlaskie Suwałki
48%
Małopolskie Tarnów
47%
Śląskie Częstochowa
46%
Łódzkie Piotrków Trybunalski
45%
Warmińsko-Mazurskie Elbląg
44%
Zachodniopomorskie Koszalin
39%
Wielkopolskie Kalisz
37%
Opolskie Kędzierzyn-Koźle
34%
Podkarpackie Mielec
28%
Świętokrzyskie Ostrowiec Świętokrzyski
24%
Nie znaleziono quizów pasujących do podanych kryteriów
Rozkład punktacji
Procent ludzi z każdym wynikiem
Percentyl według liczby udzielonych odpowiedzi
Twoja historia wyników
Nie rozwiązałeś tego quizu